| 000 | 00983cam a2200253 i 4500 | ||
|---|---|---|---|
| 001 | 2736216 | ||
| 003 | OSt | ||
| 005 | 20140310182110.0 | ||
| 008 | 780705s1978 iluaf 000 0 eng | ||
| 010 | _a 78004157 | ||
| 020 | _a0802474713 | ||
| 040 |
_aDLC _cDLC _dDLC |
||
| 050 | 0 | 0 |
_aBS 195 _b.N35 1978 |
| 082 | 0 | 0 |
_aHS 220.5204 _bR894 1978 |
| 130 | 0 |
_aBible. _lEnglish. _sAuthorized. _f1978. _913401 |
|
| 245 | 1 | 4 |
_aThe Ryrie study Bible : _bKing James version : with introductions, annotations, outlines, marginal references, harmony of the Gospels, subject index, synposis of Bible doctrine, concordance, maps, and timeline charts / _cCharles Caldwell Ryrie. |
| 260 |
_aChicago : _bMoody Press, _cc1978. |
||
| 300 |
_aq 2100 p., [16] leaves of plates : _bill. ; _c24 cm. |
||
| 650 |
_a. Bible. English. New American standard _913402 |
||
| 700 | 1 |
_aRyrie, Charles Caldwell, _d1925- _913403 |
|
| 906 |
_a7 _bcbc _corignew _d1 _eocip _f19 _gy-gencatlg |
||
| 942 | _2lcc | ||
| 999 |
_c9378 _d9378 |
||